Łańcuch piłkarzy - zdjęcia #8 - Statystyki

Ogólne statystyki
  • Ten quiz został rozwiązany 48 razy
  • Średni wynik to 11 z 20
Statystyki odpowiedzi
Obrazkowy Odpowiedź % Poprawnych
Kaka
98%
N'Golo Kante
98%
Paulo Dybala
93%
Carlos Tevez
89%
Jamie Vardy
86%
Jordi Alba
82%
Roberto Baggio
80%
Garrincha
64%
Gheorghe Hagi
61%
Henrik Larsson
59%
Eberechi Eze
57%
David Ginola
43%
Amadou Onana
41%
Radoslav Latal
30%
Davide Astori
27%
Walter Zenga
14%
Adam Nawałka
11%
Luigi Riva
11%
Anghel Iordanescu
7%
Teofilo Cubillas
5%
Nie znaleziono quizów pasujących do podanych kryteriów
Rozkład punktacji
Procent ludzi z każdym wynikiem
Percentyl według liczby udzielonych odpowiedzi
Twoja historia wyników
Nie rozwiązałeś tego quizu